Η γυναίκα στη μισθωτή εργασία : για μια σύγχρονη κοινωνική πολιτική στο πρόβλημα της εργαζόμενης Ελληνίδας

Αποθηκεύτηκε σε:
Λεπτομέρειες βιβλιογραφικής εγγραφής
Κύριος συγγραφέας: Βουτυράς, Σταύρος Α.
Μορφή: Βιβλίο
Γλώσσα:Greek
Δημοσίευση: Αθήνα : Παπαζήσης, 1981.
Θέματα:
Ετικέτες: Προσθήκη ετικέτας
Δεν υπάρχουν, Καταχωρήστε ετικέτα πρώτοι!

MARC

LEADER 00000cam a2200000 i 4500
001 1/89288
008 941130s1981 gr | ||| |||| ||gre||
035 |l 10007174 
040 |a GR-MY-UA  |b gre  |e aacr 
041 0 |a gre 
082 7 |a 331.409495   |2 (22) 
100 1 |a Βουτυράς, Σταύρος Α. 
245 1 2 |a Η γυναίκα στη μισθωτή εργασία :   |b για μια σύγχρονη κοινωνική πολιτική στο πρόβλημα της εργαζόμενης Ελληνίδας /   |c Σταύρου Βουτυρά.  
260 |a Αθήνα :   |b Παπαζήσης,   |c 1981.  
300 |a 147 σ. ;   |c 21 εκ.  
650 0 0 |a Women  |x Employment  |z Greece. 
650 0 0 |a Women  |x Legal status, laws, etc.  |z Greece. 
650 0 0 |a Women's rights  |z Greece. 
852 |a INST  |b LESVOS  |e 19941130  |h 331.409495 ΒΟΥ  |p 005100003279  |q 005100003279  |t BK  |y 0 
909 |a Λ  |b 011099 
970 |z 1994/11